A cognitive linguistics view of terminology and specialized language

Saved in:
Bibliografiske detaljer
Hovedforfatter: Faber, Pamela (Author)
Format: Bog
Sprog:engelsk
Udgivet: Berlín Walter de Gruyter 2012
Udgivelse:1a. ed
Serier:Applications of Cognitive Linguistics, 20
Fag:
Tags: Tilføj Tag
Ingen Tags, Vær først til at tagge denne postø!

MARC

LEADER 00000cam a2200000 a 4500
001 UCE9735
003 CL-VaPUC
008 151106e20120000gw |||||||||||||||||eng|d
020 |a 9783110275568 
082 0 4 |a 415  |b FAB  |2 21 
100 0 |a Faber, Pamela  |e author  |9 582625 
245 1 2 |a A cognitive linguistics view of terminology and specialized language 
250 |a 1a. ed 
300 |a 307 p 
942 |c BK 
945 |d 20151106 14:16:00  |a dcastane 
260 |a Berlín  |b Walter de Gruyter  |c 2012 
650 0 |a Gramática  |9 270497 
650 0 |a Lingüística aplicada   |9 313266 
583 |a last modification  |c 20151106 14:16:00  |k Rodrigo Vera 
490 0 |a Applications of Cognitive Linguistics, 20 
999 |c 361380  |d 361378 
952 |0 0  |1 0  |3 erd  |4 0  |6 415_000000000000000_FAB_2012  |7 0  |8 A  |9 471823  |a BIBEDU  |b BIBEDU  |i 5246687  |o 415 FAB 2012  |p 5246687  |r 2019-11-24  |w 2019-11-24  |y BK  |z Catalogado en:20151106  |k LIT